Návrh prípravku pre ustavenie svetlometu v robotickej bunke

Uložené v:
Podrobná bibliografia
Hlavný autor: Sebechlebský, Tomáš (Autor)
Ďalší autori: Ružarovský, Roman (Vedúci práce)
Médium: Rukopis Kniha
Jazyk:Slovak
Vydavateľské údaje: 2024
Predmet:
On-line prístup:http://is.stuba.sk/zp/portal_zp.pl?podrobnosti=169260
Tagy: Pridať tag
Žiadne tagy, Buďte prvý, kto otaguje tento záznam!

MARC

LEADER 00000ntm a22000003a 4500
001 stuzp98465
003 SK-STU
005 20240629212110.3
007 ta
008 150427s2015----xo-----f-mn---000-0-slo-d
040 |a STU  |b slo 
041 0 |a slo 
100 1 |a Sebechlebský, Tomáš  |u 063000  |4 aut  |U MTF Materiálovotechnologická fakulta  |T MTF Ústav výrobných technológií  |X 116479  |U M3000  |Y 83  |7 116479 
242 0 1 |a Design of the establishing fixture for headlight to robotic cell  |y eng 
245 1 0 |a Návrh prípravku pre ustavenie svetlometu v robotickej bunke 
260 |c 2024 
650 4 |a prípravok  |2 slo 
650 4 |a svetlomet  |2 slo 
650 4 |a 3D skenovanie  |2 slo 
650 4 |a CAD modelovanie  |2 slo 
650 4 |a robot  |2 slo 
650 4 |a simulácia  |2 slo 
650 4 |a headlight  |2 eng 
650 4 |a 3D scanning  |2 eng 
650 4 |a simulation  |2 eng 
650 4 |a CAD modeling  |2 eng 
650 4 |a fixture  |2 eng 
650 4 |a robot  |2 eng 
700 1 |a Ružarovský, Roman  |u 063800  |k Z1  |4 ths  |U MTF Ústav výrobných technológií  |T MTF Katedra výrobných zariadení a systémov  |X 30883  |U M3800  |Y 660  |7 A000030883 
856 4 |u http://is.stuba.sk/zp/portal_zp.pl?podrobnosti=169260 
996 |c M* BP-9838  |l MMSKP  |s A  |a 24  |w stuzp98465_0001